Missing Word: 'Walk' Songs Quiz Stats

 Plays Quiz Updated Jan 19, 2015

Challenge
Share
Tweet
Embed
Score 0/20 Timer 04:00
0 Plays Today
Song Missing Word % Correct
Walk This ____Way
96.4%
These _____ Are Made for Walkin'Boots
94.1%
Walk, Don't ____Run
93.7%
Walk On The Wild ____Side
92.5%
I Walk the ____Line
91%
Walk Like an ______Egyptian
86.4%
Walking On Broken ____Glass
85.2%
Walk on ____By
78.3%
Walk Like a ____Man
77.5%
Walking on ____Sunshine
70.6%
Song Missing Word % Correct
Daddy Don't You Walk So ____Fast
69.2%
Walking on the ____Moon
62.1%
Walk of ____Life
55.1%
Walk ____Away
49%
Walk Away _____Renée
34.7%
Walk Right ____In
24.5%
Baby ____ WalkElephant
23.8%
Remember (Walking in the ____)Sand
21.2%
Walk The ____Dinosaur
13.3%
Walk on the ____Ocean
11.2%

Today's Daily Dose

You're not logged in!

Compare scores with friends on all Sporcle quizzes.
Join for Free
OR
Log In

You Might Also Like...

Show Comments

Extras

Top Quizzes Today


Score Distribution

Your Account Isn't Verified!

In order to create a playlist on Sporcle, you need to verify the email address you used during registration. Go to your Sporcle Settings to finish the process.

Report this User

Report this user for behavior that violates our Community Guidelines.

Details: